000 00629nam a22001937a 4500
003 OSt
005 20260205040248.0
008 260205b |||||||| |||| 00| 0 eng d
020 _a9780521705882
040 _aDWCL-Main Lib
_cOC
082 _aCirc. 415 C898 2008
100 _aCraven, Miles
245 _aReal listening and speaking 3 : with answers
260 _aUnited Kingdom :
_bCambridge University Press,
_cc2008.
300 _a111 pages :
_bcolor illustrations ;
_c27 cm.
_e+ 2 audio CD
_f(1&2)
490 _aCambridge English Skills Series.
650 _aGrammar - English language.
942 _2ddc
_cBK-CIRC
_mCirc.
_n0
999 _c8290
_d8290